Countries by Emojis based off their flags #1 - Statistics

General Stats
  • This quiz has been taken 92 times
  • The average score is 8 of 20
Answer Stats
Emojis Answer % Correct
๐ŸŸฆโฌ›โฌœ Estonia
82%
๐ŸŸฅโฌœ๐ŸŒฒ Lebanon
82%
๐ŸŸจโฌœโ™ฑ Vatican City
82%
๐ŸŸฉ๐ŸŸจ๐Ÿ”ต27โ˜† Brazil
55%
๐ŸŸฆ๐Ÿ‡ฌ๐Ÿ‡ง4๐ŸŸฅโ˜… New Zealand
55%
ยฎ๐ŸŸฆ๐ŸŸจ๐ŸŸฅ Romania
55%
โฌœ5๐ŸŸฅโ™ฐ Georgia
45%
๐ŸŸฅ๐ŸŸจ๐ŸŸฉโ˜… Ghana
45%
๐ŸŸฆโ˜† Somalia
45%
โฌ›๐ŸŸจ๐ŸŸฉโฌœ๐ŸŸฅ๐ŸŸฆ South Africa
45%
๐ŸŸฅ๐ŸŸฉโญ Burkina Faso
36%
๐ŸŸฆ5โ˜†XK Kosovo
27%
๐ŸŸฅ๐ŸŸฆโšช Laos
27%
๐ŸŸจ๐ŸŸฉ๐ŸŸฅ Lithuania
27%
๐ŸŸฆโฌœ๐Ÿฆœ๐Ÿ“œ Guatemala
18%
๐Ÿ”ป๐ŸŸจโฏˆ๐ŸŸฉ Guyana
18%
๐ŸŸฆ๐ŸŸฅโ˜ฉโฌœ Iceland
18%
๐ŸŸฆโฌœ๐ŸŸฅโŽฏ๐ŸŒ™โ˜€ Malaysia
18%
๐ŸŸฆ๐ŸŸจ๐ŸŸฉโฌฆ๐ŸŸฉ St. Vincent and the Grenadines
18%
๐ŸŸฅ๐ŸŸฆโ˜ผ Taiwan
9%
No matching quizzes found
Score Distribution
Percent of People with Each Score
Percentile by Number Answered
Your Score History
You have not taken this quiz